Mc Crackens Removable Partial Prosthodontics (Record no. 42497)

MARC details
000 -LEADER
fixed length control field 00355pam a2200145 a 4500
020 ## - INTERNATIONAL STANDARD BOOK NUMBER
International Standard Book Number 978-81-312-2657-5
Terms of availability
041 ## - LANGUAGE CODE
Language code of original
082 ## - DEWEY DECIMAL CLASSIFICATION NUMBER
Classification number 617.69
Item number CAR
100 ## - MAIN ENTRY--PERSONAL NAME
Personal name Carr A B.
245 ## - TITLE STATEMENT
Title Mc Crackens Removable Partial Prosthodontics
Medium Textual Documents
250 ## - EDITION STATEMENT
Edition statement 12.
260 ## - PUBLICATION, DISTRIBUTION, ETC.
Place of publication, distribution, etc. Missouri
Name of publisher, distributor, etc. Elsevier Mosby
300 ## - PHYSICAL DESCRIPTION
Extent 385:
Dimensions 28*21.5.
930 ## - EQUIVALENCE OR CROSS-REFERENCE-UNIFORM TITLE HEADING [LOCAL, CANADA]
Uniform title 3128
Holdings
Withdrawn status Lost status Damaged status Not for loan Collection Home library Current library Date acquired Source of acquisition Cost, normal purchase price Total Checkouts Full call number Barcode Date due Date last seen Date last checked out Copy number Price effective from Koha item type
          Dental College & Hospital, Pune Dental College & Hospital, Pune 04/12/2012 Bharati Mad. Sahakari Grahak Bhandar 925.00 1 617.69 CAR DCP-6619 31/12/2050 18/11/2023 18/11/2023 1 24/02/2023 Book